<?xml version="1.0" encoding="UTF-8"?>
<collection xmlns="http://www.loc.gov/MARC21/slim">
 <record>
  <leader>00942nas a22002531  4500</leader>
  <controlfield tag="001">1/50840</controlfield>
  <controlfield tag="008">011127c19709999ne brzp           a0eng d</controlfield>
  <datafield tag="022" ind1=" " ind2=" ">
   <subfield code="a">0040-5833</subfield>
  </datafield>
  <datafield tag="035" ind1=" " ind2=" ">
   <subfield code="l">23038</subfield>
  </datafield>
  <datafield tag="090" ind1=" " ind2=" ">
   <subfield code="a">Αλφαβητική σειρά</subfield>
  </datafield>
  <datafield tag="245" ind1="0" ind2="0">
   <subfield code="a">Theory and decision</subfield>
  </datafield>
  <datafield tag="260" ind1=" " ind2=" ">
   <subfield code="a">Dordrecht, Holland :</subfield>
   <subfield code="b">D.Reidel Pub. Co.,</subfield>
   <subfield code="c">1970-</subfield>
  </datafield>
  <datafield tag="300" ind1=" " ind2=" ">
   <subfield code="a">v. :</subfield>
   <subfield code="b">ill. ;</subfield>
   <subfield code="c">23 cm.</subfield>
  </datafield>
  <datafield tag="310" ind1=" " ind2=" ">
   <subfield code="a">Bimonthly</subfield>
  </datafield>
  <datafield tag="362" ind1="0" ind2=" ">
   <subfield code="a">Vol.30, no.2(March 1991)-v.47, no.3(Dec. 1999)</subfield>
  </datafield>
  <datafield tag="362" ind1="0" ind2=" ">
   <subfield code="a">Vol.50, no.1(Feb. 2001)-v.51, no.1(Sept. 2001)</subfield>
  </datafield>
  <datafield tag="546" ind1=" " ind2=" ">
   <subfield code="a">English</subfield>
  </datafield>
  <datafield tag="535" ind1="0" ind2=" ">
   <subfield code="a">Κλειστό Βιβλιοστάσιο.</subfield>
  </datafield>
  <datafield tag="650" ind1=" " ind2="4">
   <subfield code="a">Science</subfield>
   <subfield code="x">Philosophy</subfield>
   <subfield code="x">Periodicals.</subfield>
  </datafield>
  <datafield tag="650" ind1=" " ind2="4">
   <subfield code="a">Social sciences</subfield>
   <subfield code="x">Methodology</subfield>
   <subfield code="x">Periodicals.</subfield>
  </datafield>
  <datafield tag="856" ind1="4" ind2="1">
   <subfield code="u">http://link.springer.com/journal/11238</subfield>
  </datafield>
  <datafield tag="950" ind1=" " ind2=" ">
   <subfield code="c">ΑΡΧΕΙΟ ΠΕΡΙΟΔΙΚΩΝ</subfield>
   <subfield code="d">563</subfield>
  </datafield>
  <datafield tag="951" ind1=" " ind2=" ">
   <subfield code="a">Vol.50 no.1(Feb. 2001) -  (v.51 no.1(Sept. 2001)</subfield>
   <subfield code="b">Main run</subfield>
  </datafield>
  <datafield tag="951" ind1=" " ind2=" ">
   <subfield code="a">Vol.30 no.2(March 1991) -  (v.47 no.3(Dec. 1999)</subfield>
   <subfield code="b">Main run</subfield>
  </datafield>
 </record>
</collection>
